[Event "MNE-ch (Women)"]
[Site "Podgorica"]
[Date "2023.12.01"]
[Round "3"]
[White "Popovic, Mateja"]
[Black "Novikova, Anna"]
[Result "0-1"]
[WhiteElo "1772"]
[BlackElo "2229"]
[PlyCount "78"]
[EventDate "2023.11.29"]
[EventType "swiss"]
[EventRounds "7"]
[EventCountry "MNE"]
[SourceTitle "CB50_2023"]
[SourceDate "2023.12.13"]
[SourceVersion "1"]
[SourceVersionDate "2023.12.13"]
[SourceQuality "1"]

1. d4 Nf6 2. c4 c5 3. d5 b5 4. cxb5 a6 5. bxa6 Bxa6 6. Nc3 d6 7. e4 Bxf1 8. Kxf1 g6 9. Nge2 Nbd7 10. Rb1 Bg7 11. b3 0-0 12. f3 Qa5 13. a4 Ne8 14. Bd2 f5 15. Qc2 Qa6 16. Nb5 fxe4 17. Qxe4 Ne5 18. Qc2 Rc8 19. Ke1 Nc7 20. f4 Ng4 21. Qe4 Nf6 22. Qxe7 Nxb5 23. Qe6+ Kh8 24. axb5 Qxb5 25. Nc3 Qd3 26. Qh3 Qc2 27. Rd1 Qxb3 28. Qf3 Qc4 29. Kf2 Qd4+ 30. Kf1 Rce8 31. Be1 Qc4+ 32. Ne2 Re4 33. Qd3 Qxd3 34. Rxd3 Rfe8 35. Rd2 Nxd5 36. Bg3 Ne3+ 37. Kf2 Ng4+ 38. Kf3 h5 39. h3 Re3# 0-1

[Event "MNE-ch (Women)"]
[Site "Podgorica"]
[Date "2023.11.29"]
[Round "1"]
[White "Ivanovic, Tara"]
[Black "Novikova, Anna"]
[Result "0-1"]
[WhiteElo "1575"]
[BlackElo "2229"]
[PlyCount "66"]
[EventDate "2023.11.29"]
[EventType "swiss"]
[EventRounds "7"]
[EventCountry "MNE"]
[SourceTitle "CB50_2023"]
[SourceDate "2023.12.13"]
[SourceVersion "1"]
[SourceVersionDate "2023.12.13"]
[SourceQuality "1"]

1. e4 e5 2. Nf3 Nc6 3. Bc4 Nf6 4. d3 Bc5 5. c3 d6 6. Bb3 a6 7. 0-0 Bg4 8. Nbd2 Qd7 9. Bc2 h6 10. h3 Bh5 11. Re1 g5 12. Nf1 g4 13. hxg4 Bxg4 14. N1h2 Rg8 15. Be3 0-0-0 16. d4 exd4 17. cxd4 Bb4 18. Rf1 Bh5 19. a3 Ba5 20. d5 Ne5 21. Nxe5 Qh3 22. Neg4 Nxg4 23. gxh3 Nxe3+ 24. Kh1 Bxd1 25. Bxd1 Nxf1 26. Bg4+ Kb8 27. Nxf1 Bb6 28. f3 c6 29. dxc6 bxc6 30. Rc1 Kb7 31. Ng3 d5 32. Nf5 Rge8 33. Nxh6 Be3 0-1

[Event "Titled Tuesday intern op 14th Nov Early"]
[Site "Chess.com INT"]
[Date "2023.11.14"]
[Round "7"]
[White "Novikova, Anna"]
[Black "Sevostianov, Vladimir"]
[Result "0-1"]
[WhiteElo "2229"]
[BlackElo "2107"]
[PlyCount "66"]
[EventDate "2023.11.14"]
[EventType "swiss (blitz)"]
[EventRounds "11"]
[EventCountry "USA"]
[SourceTitle "CB47_2023"]
[SourceDate "2023.11.22"]
[SourceVersion "1"]
[SourceVersionDate "2023.11.22"]
[SourceQuality "1"]

1. e4 e5 2. Nf3 Nc6 3. Bc4 Nf6 4. Ng5 d5 5. exd5 Na5 6. Bb5+ c6 7. dxc6 bxc6 8. Qf3 Qd5 9. Be2 e4 10. Qg3 Bd6 11. Qh4 h6 12. d3 exd3 13. Bxd3 Qxg2 14. Be4 Nxe4 15. Qxe4+ Qxe4+ 16. Nxe4 Be7 17. Nbc3 0-0 18. Rg1 Bf5 19. Bxh6 Bg6 20. Bg5 Bb4 21. 0-0-0 Rfe8 22. f3 Nc4 23. Rd4 Bxc3 24. Nxc3 Ne5 25. Rf1 c5 26. Rd5 Rac8 27. f4 Nc4 28. f5 Bh5 29. f6 g6 30. Rd7 Re5 31. Bh6 Rce8 32. Nd5 Re1+ 33. Rxe1 Rxe1# 0-1

[Event "Motiva Online Blitz (Women)"]
[Site "Chess.com INT"]
[Date "2021.12.18"]
[Round "8"]
[White "Novikova, Anna"]
[Black "Hayrapetyan, Nvard"]
[Result "1-0"]
[WhiteElo "2264"]
[BlackElo "1403"]
[PlyCount "97"]
[EventDate "2021.12.18"]
[EventType "swiss (blitz)"]
[EventRounds "13"]
[EventCountry "USA"]
[SourceTitle "CBM 205 Extra"]
[Source "ChessBase"]
[SourceDate "2022.01.31"]
[SourceVersion "1"]
[SourceVersionDate "2022.01.31"]
[SourceQuality "1"]

1. e4 e6 2. d4 d5 3. Nc3 Bb4 4. e5 c5 5. a3 Bxc3+ 6. bxc3 Ne7 7. Qg4 cxd4 8. Qxg7 Rg8 9. Qxh7 Qc7 10. Ne2 Nbc6 11. f4 Bd7 12. h4 dxc3 13. h5 0-0-0 14. Qd3 a6 15. h6 Nf5 16. h7 Rh8 17. g4 Ng7 18. Qxc3 d4 19. Qd3 Qa5+ 20. Bd2 Qd5 21. Rg1 Ne7 22. Bg2 Qc5 23. Bb4 Qb5 24. Qxb5 Bxb5 25. Bxe7 Rd7 26. Bf6 Rxh7 27. Bxg7 Rxg7 28. Bf3 Kb8 29. Kf2 d3 30. cxd3 Rxd3 31. Rgd1 Rb3 32. Rdb1 Rd3 33. a4 Rxf3+ 34. Kxf3 Bc6+ 35. Kg3 Be4 36. Rb4 Bf5 37. g5 Rh7 38. Ng1 Rh1 39. Kg2 Rh4 40. Rd1 Rg4+ 41. Kf2 Rh4 42. Nf3 Rh3 43. Rd7 Bg4 44. Rbxb7+ Kc8 45. Rdc7+ Kd8 46. Nd4 Rh2+ 47. Kg3 Rd2 48. Nc6+ Ke8 49. Rb8+ 1-0

[Event "Speed Chess (Women) Q6"]
[Site "Chess.com INT"]
[Date "2021.06.05"]
[Round "12"]
[White "Mendoza, Shania Mae"]
[Black "Novikova, Anna"]
[Result "1-0"]
[WhiteElo "2158"]
[BlackElo "2247"]
[PlyCount "145"]
[EventDate "2021.06.05"]
[EventType "swiss (blitz)"]
[EventRounds "13"]
[EventCountry "USA"]
[SourceTitle "CBM 202 Extra"]
[Source "ChessBase"]
[SourceDate "2021.07.31"]
[SourceVersion "1"]
[SourceVersionDate "2021.07.31"]
[SourceQuality "1"]

1. e4 c5 2. Nf3 e6 3. g3 d5 4. e5 Nc6 5. Bg2 Nge7 6. 0-0 Ng6 7. Re1 Qc7 8. Qe2 Be7 9. c3 d4 10. h4 h5 11. d3 Bd7 12. a4 0-0-0 13. Na3 a6 14. Nc4 Kb8 15. a5 f6 16. Bd2 Ngxe5 17. Nfxe5 fxe5 18. Nxe5 Nxe5 19. Qxe5 Bd6 20. Qe2 e5 21. b4 dxc3 22. Bxc3 cxb4 23. Bxe5 Rde8 24. d4 Bb5 25. Qe3 Rhf8 26. Rac1 Qd7 27. Qg5 b3 28. f4 Ka7 29. Kh2 Bb4 30. Red1 Rc8 31. d5 Rxc1 32. Rxc1 Rc8 33. Rxc8 Qxc8 34. Qxg7 Bd7 35. Bd4+ Ka8 36. Qf6 Ba3 37. Qb6 Qb8 38. Qxb3 Bd6 39. Qb6 Bc7 40. Qb4 Bd6 41. Qb6 Bg4 42. Bc5 Bc7 43. Qxa6+ bxa6 44. d6+ Qb7 45. dxc7 Qxg2+ 46. Kxg2 Kb7 47. Bb6 Kc6 48. Kf2 Kd5 49. Ke3 Bf5 50. Bd4 Kc6 51. Be5 Kd5 52. Kd2 Kc4 53. Ke3 Kd5 54. Bf6 Kc6 55. Kd4 Kxc7 56. Ke5 Bg4 57. f5 Kc6 58. Bg5 Kd7 59. Kf6 Ke8 60. Kg6 Kf8 61. Bh6+ Kg8 62. f6 Be6 63. Kxh5 Kf7 64. Kg5 Bc4 65. g4 Bd3 66. h5 Bh7 67. Bg7 Bd3 68. Kf4 Bh7 69. g5 Bg8 70. Ke5 Ke8 71. g6 Bc4 72. h6 Bg8 73. f7+ 1-0

[Event "Speed Chess (Women) Q6"]
[Site "Chess.com INT"]
[Date "2021.06.05"]
[Round "6"]
[White "Novikova, Anna"]
[Black "Antolak, Julia"]
[Result "0-1"]
[WhiteElo "2247"]
[BlackElo "2309"]
[PlyCount "76"]
[EventDate "2021.06.05"]
[EventType "swiss (blitz)"]
[EventRounds "13"]
[EventCountry "USA"]
[SourceTitle "CBM 202 Extra"]
[Source "ChessBase"]
[SourceDate "2021.07.31"]
[SourceVersion "1"]
[SourceVersionDate "2021.07.31"]
[SourceQuality "1"]

1. e4 c5 2. Nf3 e6 3. d4 cxd4 4. Nxd4 Nf6 5. Nc3 d6 6. Bg5 Be7 7. f4 h6 8. Bh4 a6 9. Qf3 Nc6 10. 0-0-0 Nxd4 11. Rxd4 Qc7 12. g4 b5 13. Bg2 Bb7 14. Rhd1 Rc8 15. a3 0-0 16. g5 hxg5 17. fxg5 Nd7 18. Qh5 g6 19. Qh6 Rfe8 20. Bg3 Ne5 21. Bxe5 dxe5 22. R4d3 Bf8 23. Qh4 Bg7 24. Rd7 Qb6 25. Rf1 Rf8 26. Qg3 Rcd8 27. Rxd8 Rxd8 28. Qf3 Qc7 29. h4 Rc8 30. h5 gxh5 31. Qxh5 a5 32. g6 f6 33. Qh6 Bxh6+ 34. Kb1 b4 35. axb4 axb4 36. Na4 Qxc2+ 37. Ka2 Qxa4+ 38. Kb1 Qc2+ 0-1

[Event "Speed Chess (Women) Q6"]
[Site "Chess.com INT"]
[Date "2021.06.05"]
[Round "13"]
[White "Novikova, Anna"]
[Black "Babiy, Olga"]
[Result "0-1"]
[WhiteElo "2247"]
[BlackElo "2280"]
[PlyCount "62"]
[EventDate "2021.06.05"]
[EventType "swiss (blitz)"]
[EventRounds "13"]
[EventCountry "USA"]
[SourceTitle "CBM 202 Extra"]
[Source "ChessBase"]
[SourceDate "2021.07.31"]
[SourceVersion "1"]
[SourceVersionDate "2021.07.31"]
[SourceQuality "1"]

1. e4 c6 2. d4 d5 3. e5 Bf5 4. h4 h5 5. Nc3 e6 6. Nce2 c5 7. c3 Nc6 8. Nf3 Qb6 9. Ng3 Bg6 10. a3 cxd4 11. cxd4 Nge7 12. Bd3 Bxd3 13. Qxd3 Ng6 14. 0-0 Be7 15. Bg5 Bxg5 16. hxg5 h4 17. Ne2 h3 18. g3 0-0-0 19. Kh2 Kb8 20. b4 Rc8 21. Rfc1 Ncxe5 22. Nxe5 Nxe5 23. Qd1 Ng4+ 24. Kg1 h2+ 25. Kg2 h1Q+ 26. Qxh1 Rxh1 27. Rxc8+ Kxc8 28. Rxh1 Qa6 29. Rh8+ Kd7 30. Kf3 Qd3+ 31. Kxg4 Qxe2+ 0-1

[Event "Speed Chess (Women) Q3"]
[Site "Chess.com INT"]
[Date "2021.05.30"]
[Round "1"]
[White "Nomin Erdene, Davaademberel"]
[Black "Novikova, Anna"]
[Result "1-0"]
[WhiteElo "2382"]
[BlackElo "2247"]
[PlyCount "85"]
[EventDate "2021.05.30"]
[EventType "swiss (blitz)"]
[EventRounds "21"]
[EventCountry "USA"]
[SourceTitle "CBM 202 Extra"]
[Source "ChessBase"]
[SourceDate "2021.07.31"]
[SourceVersion "1"]
[SourceVersionDate "2021.07.31"]
[SourceQuality "1"]

1. f4 d5 2. Nf3 e6 3. g3 c5 4. Bg2 Nc6 5. 0-0 Nf6 6. d3 Be7 7. c3 0-0 8. Qe1 d4 9. Na3 a6 10. Nc4 Rb8 11. Nce5 Nd5 12. Bd2 Bd7 13. Nxc6 Bxc6 14. cxd4 cxd4 15. Ne5 Rc8 16. Rc1 Qb6 17. Nc4 Qd8 18. a3 Bf6 19. b4 Qe7 20. Ne5 Bxe5 21. fxe5 h6 22. Qf2 Rfd8 23. Qxd4 b5 24. Qf2 Bb7 25. d4 Rxc1 26. Rxc1 Qd7 27. e4 Rc8 28. Rxc8+ Qxc8 29. exd5 exd5 30. h4 Qe6 31. Kh2 g6 32. Bh3 Qe7 33. Bxh6 Bc8 34. Bg5 Qe8 35. Bxc8 Qxc8 36. Bh6 Qe6 37. Qc2 Kh7 38. Bg5 Qg4 39. Qf2 Qe6 40. Qf6 Qd7 41. h5 gxh5 42. Qh6+ Kg8 43. Bf6 1-0

[Event "Speed Chess (Women) Q3"]
[Site "Chess.com INT"]
[Date "2021.05.30"]
[Round "5"]
[White "Novikova, Anna"]
[Black "Kiolbasa, Oliwia"]
[Result "0-1"]
[WhiteElo "2247"]
[BlackElo "2255"]
[PlyCount "80"]
[EventDate "2021.05.30"]
[EventType "swiss (blitz)"]
[EventRounds "21"]
[EventCountry "USA"]
[SourceTitle "CBM 202 Extra"]
[Source "ChessBase"]
[SourceDate "2021.07.31"]
[SourceVersion "1"]
[SourceVersionDate "2021.07.31"]
[SourceQuality "1"]

1. e4 e5 2. Nf3 Nc6 3. Bc4 Bc5 4. d3 Nf6 5. Bb3 0-0 6. 0-0 d6 7. c3 a5 8. a4 h6 9. Nbd2 Be6 10. Bc2 Qb8 11. Nc4 Nxe4 12. Ncxe5 Nxf2 13. Rxf2 Bxf2+ 14. Kxf2 Nxe5 15. d4 Nxf3 16. Qxf3 Qd8 17. Qg3 Qf6+ 18. Kg1 Rae8 19. Bd2 Bc4 20. Re1 Rxe1+ 21. Qxe1 Qe6 22. Qxe6 Bxe6 23. Kf2 c6 24. h3 b5 25. axb5 cxb5 26. Bd3 Bc4 27. Bc2 a4 28. Kf3 Ra8 29. Kf2 a3 30. bxa3 Rxa3 31. Be4 Kf8 32. Ke3 Ke7 33. Bc6 Ra1 34. Bf3 Rb1 35. d5 f5 36. Kd4 g5 37. g3 Rb2 38. Ke3 f4+ 39. gxf4 gxf4+ 40. Kxf4 Rxd2 0-1

[Event "Wch Blitz (Women)"]
[Site "Moscow"]
[Date "2019.12.30"]
[Round "13"]
[White "Shafigullina, Zarina"]
[Black "Novikova, Anna"]
[Result "1-0"]
[WhiteElo "2269"]
[BlackElo "2260"]
[PlyCount "63"]
[EventDate "2019.12.29"]
[EventType "swiss (blitz)"]
[EventRounds "17"]
[EventCountry "RUS"]
[SourceTitle "CBM 193 Extra"]
[Source "ChessBase"]
[SourceDate "2020.01.31"]
[SourceVersion "1"]
[SourceVersionDate "2020.01.31"]
[SourceQuality "1"]

1. d4 d5 2. Nf3 e6 3. g3 Nf6 4. Bg2 Be7 5. 0-0 0-0 6. c4 dxc4 7. Qa4 a6 8. Qxc4 b5 9. Qc2 Bb7 10. Bd2 Nbd7 11. Ba5 Rc8 12. Nc3 Qe8 13. b4 Bd6 14. e4 e5 15. d5 Qe7 16. Qb3 g6 17. a4 c6 18. axb5 cxb5 19. Rfc1 Ne8 20. Ne1 Ng7 21. Nd3 f5 22. f3 Kh8 23. Kh1 Rc4 24. Rc2 Rfc8 25. Rac1 Rd4 26. Ne2 Rxd3 27. Rxc8+ Bxc8 28. Rxc8+ Nf8 29. Qxd3 Bxb4 30. Bxb4 Qxb4 31. Qc3 Qxc3 32. Rxf8# 1-0

[Event "Wch Blitz (Women)"]
[Site "Moscow"]
[Date "2019.12.29"]
[Round "7"]
[White "Eryshkanova, Anastasiya"]
[Black "Novikova, Anna"]
[Result "0-1"]
[WhiteElo "2161"]
[BlackElo "2260"]
[PlyCount "98"]
[EventDate "2019.12.29"]
[EventType "swiss (blitz)"]
[EventRounds "17"]
[EventCountry "RUS"]
[SourceTitle "CBM 193 Extra"]
[Source "ChessBase"]
[SourceDate "2020.01.31"]
[SourceVersion "1"]
[SourceVersionDate "2020.01.31"]
[SourceQuality "1"]

1. d4 d5 2. Bf4 e6 3. e3 Bd6 4. Bxd6 Qxd6 5. Nd2 Nf6 6. f4 0-0 7. Bd3 c5 8. c3 b6 9. Qf3 Ba6 10. Bxa6 Nxa6 11. Ne2 b5 12. g4 b4 13. 0-0 bxc3 14. bxc3 cxd4 15. cxd4 Rab8 16. g5 Nd7 17. Ng3 Rb2 18. Nb3 Rc8 19. Rf2 Rcc2 20. Rxc2 Rxc2 21. f5 e5 22. Rc1 Rxc1+ 23. Nxc1 Nb4 24. Qe2 e4 25. Nb3 Nd3 26. Qc2 Nf8 27. Qc8 Qb4 28. Kg2 Qe1 29. Qc2 Qxe3 30. h4 Qf3+ 31. Kh2 Ne1 32. Qe2 Qxe2+ 33. Nxe2 Nf3+ 34. Kg3 Nd7 35. Na5 Nb6 36. Nc6 a6 37. Nb4 a5 38. Nc6 a4 39. Nc3 Kf8 40. Na5 Nxd4 41. Nb7 Nc6 42. Nc5 a3 43. Nb5 Nc4 44. Nd7+ Ke7 45. Nc5 e3 46. Kf3 d4 47. Nb3 Nd2+ 48. Ke2 Nxb3 49. axb3 a2 0-1

[Event "Wch Blitz (Women)"]
[Site "Moscow"]
[Date "2019.12.29"]
[Round "8"]
[White "Lysenko, Margarita"]
[Black "Novikova, Anna"]
[Result "1-0"]
[WhiteElo "2290"]
[BlackElo "2260"]
[PlyCount "107"]
[EventDate "2019.12.29"]
[EventType "swiss (blitz)"]
[EventRounds "17"]
[EventCountry "RUS"]
[SourceTitle "CBM 193 Extra"]
[Source "ChessBase"]
[SourceDate "2020.01.31"]
[SourceVersion "1"]
[SourceVersionDate "2020.01.31"]
[SourceQuality "1"]

1. d4 d5 2. c4 e6 3. Nc3 c6 4. cxd5 exd5 5. Qc2 Bd6 6. Nf3 h6 7. e4 dxe4 8. Nxe4 Bb4+ 9. Bd2 Bxd2+ 10. Qxd2 Nf6 11. Nc5 0-0 12. Be2 b6 13. Nd3 Ne4 14. Qc2 Bf5 15. 0-0 Re8 16. Rfe1 c5 17. Qa4 Nd7 18. Rad1 Qc7 19. Nde5 Nxe5 20. dxe5 Rad8 21. h3 Ng5 22. Qf4 Nxf3+ 23. Bxf3 Be6 24. a3 b5 25. Rd6 c4 26. Red1 Rc8 27. Bg4 Bxg4 28. hxg4 Rcd8 29. g5 hxg5 30. Qxg5 Rxd6 31. exd6 Qd7 32. Qd5 g6 33. g3 Re6 34. Rd4 Kg7 35. Kg2 a5 36. Kg1 Rf6 37. Qc5 b4 38. axb4 axb4 39. Qxb4 Qf5 40. Qd2 Qd7 41. Qd1 Re6 42. Qd2 Rf6 43. Rd5 Re6 44. Qd4+ f6 45. Qd2 Re5 46. Rxe5 fxe5 47. Qd5 Kf6 48. Qxc4 Qxd6 49. b4 Qd1+ 50. Kg2 Qb1 51. b5 e4 52. Qc6+ Kf5 53. b6 Qd1 54. Qb5+ 1-0

[Event "Wch Blitz (Women)"]
[Site "Moscow"]
[Date "2019.12.29"]
[Round "3"]
[White "Novikova, Anna"]
[Black "Tomilova, Elena"]
[Result "0-1"]
[WhiteElo "2260"]
[BlackElo "2341"]
[PlyCount "66"]
[EventDate "2019.12.29"]
[EventType "swiss (blitz)"]
[EventRounds "17"]
[EventCountry "RUS"]
[SourceTitle "CBM 193 Extra"]
[Source "ChessBase"]
[SourceDate "2020.01.31"]
[SourceVersion "1"]
[SourceVersionDate "2020.01.31"]
[SourceQuality "1"]

1. e4 e6 2. d4 d5 3. Nc3 Nf6 4. Bg5 Bb4 5. e5 h6 6. Bd2 Bxc3 7. Bxc3 Ne4 8. Bb4 c5 9. dxc5 Nc6 10. Bb5 Nxf2 11. Kxf2 Qh4+ 12. g3 Qxb4 13. Bxc6+ bxc6 14. Ne2 Qxb2 15. Qd4 Qxc2 16. Rhc1 Qf5+ 17. Kg1 Ba6 18. Nf4 0-0 19. a4 Rab8 20. Ra2 Rb1 21. Ra1 Rfb8 22. Qd2 Rxa1 23. Rxa1 Qxe5 24. Re1 Qb2 25. Qa5 Qd4+ 26. Kg2 Rb2+ 27. Kh3 Bd3 28. Qd8+ Kh7 29. Qd6 Bf5+ 30. g4 Rb3+ 31. Kg2 Qd2+ 32. Re2 Be4+ 33. Kf2 Qd4+ 0-1

[Event "Wch Blitz (Women)"]
[Site "Moscow"]
[Date "2019.12.29"]
[Round "2"]
[White "Socko, Monika"]
[Black "Novikova, Anna"]
[Result "1-0"]
[WhiteElo "2407"]
[BlackElo "2260"]
[PlyCount "139"]
[EventDate "2019.12.29"]
[EventType "swiss (blitz)"]
[EventRounds "17"]
[EventCountry "RUS"]
[SourceTitle "CBM 193 Extra"]
[Source "ChessBase"]
[SourceDate "2020.01.31"]
[SourceVersion "1"]
[SourceVersionDate "2020.01.31"]
[SourceQuality "1"]

1. d4 d5 2. c4 e6 3. Nf3 c6 4. Nbd2 Nf6 5. g3 Be7 6. Bg2 0-0 7. 0-0 b6 8. Qc2 Bb7 9. Rd1 Nbd7 10. e4 dxe4 11. Nxe4 Nxe4 12. Qxe4 Nf6 13. Qc2 Rc8 14. Ne5 h6 15. Bf4 Nh5 16. Be3 Nf6 17. Rac1 Nd7 18. a3 a5 19. Qe4 Nxe5 20. dxe5 Qc7 21. c5 Bxc5 22. Bxc5 bxc5 23. Rxc5 Rfd8 24. Rcc1 Qb6 25. Qc2 Rxd1+ 26. Rxd1 c5 27. Bxb7 Qxb7 28. Rd6 c4 29. h4 h5 30. Qd2 Qc7 31. Qe2 g6 32. Qf3 Rd8 33. Qf4 Rc8 34. Qf3 a4 35. Qe4 c3 36. bxc3 Qxc3 37. Rd3 Qc1+ 38. Kg2 Qc6 39. Qxc6 Rxc6 40. Rd4 Ra6 41. Kf3 Ra5 42. Ke4 Kf8 43. f4 Ke7 44. Rb4 Kd7 45. Kd4 Kc6 46. Rc4+ Kb6 47. Ke4 Ra7 48. Kd4 Rd7+ 49. Kc3 Kb5 50. Rb4+ Ka5 51. Rb8 Rc7+ 52. Kd4 Rd7+ 53. Ke4 Ka6 54. Rb4 Ka5 55. Rc4 Rb7 56. Rc5+ Ka6 57. Rc8 Rb3 58. Rc7 Rxa3 59. Rxf7 Rxg3 60. Rf6 a3 61. Rxe6+ Kb5 62. Re8 Kb4 63. Ra8 Rg1 64. e6 Kb3 65. Ke5 a2 66. Kf6 a1Q+ 67. Rxa1 Rxa1 68. Kxg6 Ra6 69. f5 Kc4 70. Kf7 1-0

[Event "Wch Rapid (Women)"]
[Site "Moscow"]
[Date "2019.12.28"]
[Round "11"]
[White "Badelka, Olga"]
[Black "Novikova, Anna"]
[Result "1-0"]
[WhiteElo "2399"]
[BlackElo "2260"]
[PlyCount "163"]
[EventDate "2019.12.26"]
[EventType "swiss (rapid)"]
[EventRounds "12"]
[EventCountry "RUS"]
[SourceTitle "CBM 193 Extra"]
[Source "ChessBase"]
[SourceDate "2020.01.31"]
[SourceVersion "1"]
[SourceVersionDate "2020.01.31"]
[SourceQuality "1"]

1. c4 e6 2. g3 d5 3. Bg2 Nf6 4. Nf3 Be7 5. b3 0-0 6. 0-0 c5 7. cxd5 Nxd5 8. Bb2 Nc6 9. Nc3 Bf6 10. Qc1 b6 11. Ne4 Bxb2 12. Qxb2 Bb7 13. Rfd1 Rc8 14. Rac1 Qe7 15. d4 cxd4 16. Nxd4 Nxd4 17. Qxd4 f5 18. Nd2 Rcd8 19. Qe5 Qf6 20. Qxf6 gxf6 21. Nc4 Ba8 22. Bf3 Rd7 23. Kf1 Rfd8 24. Ke1 Kf8 25. Rd2 Ke7 26. Na3 a6 27. Nc4 b5 28. Na5 Ke8 29. a3 Rc7 30. Rxc7 Nxc7 31. Bxa8 Nxa8 32. Rc2 Kd7 33. Nb7 Rc8 34. Rxc8 Kxc8 35. Nc5 Nc7 36. b4 Kd8 37. Kd2 Ke7 38. Kd3 Kd6 39. Kd4 Kc6 40. h4 e5+ 41. Kd3 a5 42. e4 axb4 43. axb4 fxe4+ 44. Kxe4 Nd5 45. Nd3 Ne7 46. g4 Kd6 47. h5 h6 48. f4 exf4 49. Nxf4 Nc6 50. Nd5 Ke6 51. Nf4+ Kf7 52. Nd3 Ke6 53. Kf4 Nd4 54. Nc5+ Kd6 55. Ne4+ Ke6 56. Nc5+ Kd6 57. Ke4 Nc6 58. Nd3 Ke6 59. Nf4+ Kd6 60. Nd5 Ke6 61. Nc7+ Kf7 62. Nxb5 Nxb4 63. Kf5 Nd5 64. Nd6+ Ke7 65. Ne4 Ne3+ 66. Kf4 Nd5+ 67. Kf3 Ke6 68. Ng3 Ne7 69. Ke4 Kf7 70. Nf5 Ng8 71. Kd5 Ke8 72. Ke6 Kf8 73. Nd6 Kg7 74. Ne8+ Kf8 75. Nxf6 Ne7 76. Nh7+ Ke8 77. Kf6 Nc6 78. Kg7 Ne5 79. Nf6+ Kd8 80. Kxh6 Ke7 81. Kg7 Nf7 82. h6 1-0

[Event "Wch Rapid (Women)"]
[Site "Moscow"]
[Date "2019.12.28"]
[Round "9"]
[White "Dzagnidze, Nana"]
[Black "Novikova, Anna"]
[Result "1-0"]
[WhiteElo "2520"]
[BlackElo "2260"]
[PlyCount "97"]
[EventDate "2019.12.26"]
[EventType "swiss (rapid)"]
[EventRounds "12"]
[EventCountry "RUS"]
[SourceTitle "CBM 193 Extra"]
[Source "ChessBase"]
[SourceDate "2020.01.31"]
[SourceVersion "1"]
[SourceVersionDate "2020.01.31"]
[SourceQuality "1"]

1. c4 Nf6 2. Nc3 d5 3. cxd5 Nxd5 4. d4 g6 5. g3 Bg7 6. Bg2 Nxc3 7. bxc3 0-0 8. Ba3 Nd7 9. Nf3 c5 10. 0-0 Qa5 11. Qb3 Rb8 12. Bc1 cxd4 13. cxd4 e5 14. Ba3 exd4 15. Bb4 Qf5 16. Bxf8 Nxf8 17. Qa4 d3 18. Qxa7 dxe2 19. Qxb8 exf1Q+ 20. Rxf1 Be6 21. a4 Qa5 22. Qxb7 Qxa4 23. Ng5 Bc4 24. Bd5 Bxd5 25. Qxd5 Qd7 26. Qxd7 Nxd7 27. Rd1 Nf8 28. Rb1 h6 29. Ne4 Be5 30. Rb5 Bd4 31. Nd6 Nd7 32. Kg2 Be5 33. Rd5 Bxd6 34. Rxd6 Nf8 35. Kf3 Kg7 36. Ke4 h5 37. Ke5 Nh7 38. f4 Nf8 39. f5 f6+ 40. Ke4 Nh7 41. h4 g5 42. Rd7+ Kg8 43. Kd5 Nf8 44. Re7 gxh4 45. gxh4 Kh8 46. Rf7 Nh7 47. Ke6 Kg8 48. Rxh7 Kxh7 49. Kxf6 1-0

[Event "Wch Rapid (Women)"]
[Site "Moscow"]
[Date "2019.12.28"]
[Round "10"]
[White "Novikova, Anna"]
[Black "Osmak, Iulija"]
[Result "0-1"]
[WhiteElo "2260"]
[BlackElo "2388"]
[PlyCount "70"]
[EventDate "2019.12.26"]
[EventType "swiss (rapid)"]
[EventRounds "12"]
[EventCountry "RUS"]
[SourceTitle "CBM 193 Extra"]
[Source "ChessBase"]
[SourceDate "2020.01.31"]
[SourceVersion "1"]
[SourceVersionDate "2020.01.31"]
[SourceQuality "1"]

1. e4 e5 2. Nf3 Nc6 3. Bc4 Nf6 4. d3 Be7 5. 0-0 0-0 6. Bb3 d6 7. c3 Kh8 8. Re1 Ng8 9. d4 Bg4 10. Be3 f5 11. h3 Bxf3 12. Qxf3 f4 13. Bc1 exd4 14. Bxg8 Kxg8 15. cxd4 Nxd4 16. Qd3 Nc6 17. Qb3+ Kh8 18. Qxb7 Nd4 19. Na3 f3 20. Be3 Bf6 21. Rab1 fxg2 22. Kxg2 Qe8 23. Qd5 c6 24. Qxd6 Qxe4+ 25. Kg1 Nf3+ 26. Kf1 Nxe1 27. Rxe1 Bxb2 28. Nb1 Qh1+ 29. Ke2 Qf3+ 30. Kf1 Qxh3+ 31. Ke2 Qg4+ 32. Kf1 Qc4+ 33. Kg2 Rf6 34. Qh2 Rg6+ 35. Kh1 Qd5+ 0-1

[Event "Wch Rapid (Women)"]
[Site "Moscow"]
[Date "2019.12.26"]
[Round "1"]
[White "Danielian, Elina"]
[Black "Novikova, Anna"]
[Result "1-0"]
[WhiteElo "2399"]
[BlackElo "2260"]
[PlyCount "82"]
[EventDate "2019.12.26"]
[EventType "swiss (rapid)"]
[EventRounds "12"]
[EventCountry "RUS"]
[SourceTitle "CBM 193 Extra"]
[Source "ChessBase"]
[SourceDate "2020.01.31"]
[SourceVersion "1"]
[SourceVersionDate "2020.01.31"]
[SourceQuality "1"]

1. Nf3 d5 2. e3 Nf6 3. c4 e6 4. d4 Be7 5. Nc3 0-0 6. Bd3 dxc4 7. Bxc4 c5 8. 0-0 cxd4 9. exd4 Nc6 10. Re1 Nb4 11. Ne5 a6 12. Bb3 Nbd5 13. a3 Qd6 14. Qd3 b5 15. Bg5 Bb7 16. Bc2 g6 17. Qh3 Rac8 18. Bb3 Nxc3 19. bxc3 Bd5 20. Bc2 Nd7 21. Bf4 Nxe5 22. Bxe5 Qc6 23. Re3 f6 24. Bf4 Rf7 25. Qg3 g5 26. h4 h6 27. hxg5 hxg5 28. Qg4 Rg7 29. Bh2 f5 30. Qh5 Qe8 31. Qxe8+ Rxe8 32. Be5 Rh7 33. a4 Bf8 34. axb5 axb5 35. Bd3 Rb7 36. Rb1 b4 37. c4 Bc6 38. Rg3 Be7 39. Rh3 b3 40. d5 exd5 41. Bxf5 Bc5 1-0

[Event "Wch Rapid (Women)"]
[Site "Moscow"]
[Date "2019.12.26"]
[Round "2"]
[White "Novikova, Anna"]
[Black "Gansvind, Valeriya I"]
[Result "1-0"]
[WhiteElo "2260"]
[BlackElo "2081"]
[PlyCount "81"]
[EventDate "2019.12.26"]
[EventType "swiss (rapid)"]
[EventRounds "12"]
[EventCountry "RUS"]
[SourceTitle "CBM 193 Extra"]
[Source "ChessBase"]
[SourceDate "2020.01.31"]
[SourceVersion "1"]
[SourceVersionDate "2020.01.31"]
[SourceQuality "1"]

1. e4 g6 2. d4 d6 3. h3 Bg7 4. Nf3 c6 5. a4 a5 6. Nc3 Na6 7. Be3 Nb4 8. Bc4 h6 9. 0-0 Qc7 10. Re1 Nf6 11. Qd2 Nd7 12. Bb3 Nf8 13. Rad1 Bd7 14. d5 c5 15. Bc4 Na6 16. Nb5 Bxb5 17. Bxb5+ Nd7 18. e5 dxe5 19. d6 exd6 20. Qxd6 Qxd6 21. Rxd6 Rd8 22. Red1 Nab8 23. Bxc5 Bf8 24. Rxd7 Nxd7 25. Bb6 Be7 26. Bxd8 Bxd8 27. Nxe5 Ke7 28. Rxd7+ Ke6 29. Nxf7 Rf8 30. Nxd8+ Ke5 31. Nxb7 Rf6 32. Nxa5 Rf4 33. Nc6+ Ke6 34. Nd4+ Ke5 35. c3 h5 36. a5 Rf8 37. a6 g5 38. a7 g4 39. hxg4 hxg4 40. Rb7 Ra8 41. Rb8 1-0